Statistics for All KDS Year 11 Students

Click here to take the quiz!

General Stats

  • This quiz has been taken 25 times
    (15 since last reset)
  • The average score is 45 of 59

Answer Stats

Answer% Correct
Ariel Jona
100%
Daniel Menashe
100%
Deborah Pastor
100%
Elijah Bush
100%
Jaida Cohen
100%
Jake Green
100%
Kayla Bass
100%
Lila Singer
100%
Maddy Jacobs
100%
Marlee Mattatia
100%
Naomi Gengut
100%
Naomi Irons
100%
Noah Lentin
100%
Rani Mushin
100%
Zoe Munz
100%
Ariella Midler
86%
Avi Wolff
86%
Dylan Umansky
86%
Ethan Lubofsky
86%
Ethan Prendergast
86%
Jacob Pinto
86%
Jacqueline Bock
86%
Lani Spinosa
86%
Leah Kogan
86%
Livia Lazarow
86%
Mia Bentata
86%
Natalie Irons
86%
Noah Segal
86%
Noa Sacher
86%
Reagan Perlstein
86%
Sofia Balzary
86%
Toby Krug
86%
Adam Langer
71%
Aurelio Orsillo
71%
David Lipton
71%
Dione Laski
71%
Ella Simons
71%
Gabriel Garber
71%
Gili Katz
71%
Jade Arndtheim
71%
Jordan Keddie
71%
Lanie Szwider
71%
Lucinda Vidal
71%
Noah Appel
71%
Zoe Schmideg
71%
Alexander Aronovych
57%
Beatrix Burstin - Irwin
57%
Gur Attias - Rabinowitz
57%
Monique Aufgang
57%
Raphael Bloch
57%
Sage Aghion
57%
Shelley Wajsbrem
57%
Sienna Yaffe
57%
Boaz Rockman
43%
Poppy Rauchberger
43%
Shani Jachimowicz
43%
Tash Freiberg
43%
Milena Hain
29%
Kirill Mogilnitsky
0%

Score Distribution

Percentile by Number Answered

Percent of People with Each Score

Your Score History

You have not taken this quiz since the last reset